| 000 | 00650nam a22001817a 4500 | ||
|---|---|---|---|
| 003 | BD-DhUL | ||
| 005 | 20160823094941.0 | ||
| 008 | 160823s1978 bg ||||| |||| 00| 0 ben | ||
| 040 |
_aBD-DhUL _cBD-DhUL |
||
| 082 |
_a347.4 _bSHC |
||
| 100 | 1 | _aগাজী শামছুর রহমান | |
| 245 | 1 |
_aচুক্তি আইনের ভাষ্য / _cরহমান, গাজী শামছুর |
|
| 260 |
_aঢাকা : _bবাংলাএকাডেমী, _c১০৯৭৮ |
||
| 300 |
_a৬৩৯ পৃ. ; _c২৪ সেমি. |
||
| 650 | 0 | _aচুক্তি অাইন | |
| 650 | 0 | _aAgreement Act | |
| 942 |
_2ddc _cBK |
||
| 999 |
_c100719 _d100719 |
||